| 000 | 00347pam a2200133 a 4500 | ||
|---|---|---|---|
| 020 |
_a978-93-5067-144-3 _c |
||
| 041 | _h | ||
| 100 |
_aDeepak , Apte ,., _eAuthor., |
||
| 245 |
_aMarine life of india _hTextual Documents |
||
| 250 | _a1st Edition 2012. | ||
| 260 |
_a[s.l]: _bDedicated tomy parents and in laws. |
||
| 300 | _a502. | ||
| 930 | _a2121 | ||
| 999 |
_c247972 _d247972 |
||